| 000 | 01049cam a22003257a 4500 | ||
|---|---|---|---|
| 003 | CHAP | ||
| 005 | 20220817043800.0 | ||
| 008 | 010703d1991 mx r 00110 spa d | ||
| 010 | _a84298 | ||
| 011 | _a85270 | ||
| 020 | _a9684096275 | ||
| 035 | _a95801 | ||
| 040 | _cCHAP | ||
| 082 | 0 | 4 |
_a338.14 _bD3 |
| 100 | 0 | 0 |
_aDamm Arnal, Arturo. _931002 |
| 245 | 1 | 0 |
_aEn la antesala del T.L.C. : _bel Mercado Común Norteamericano y la nueva mentalidad empresarial mexicana _c/por Arturo Damm Arnal |
| 260 |
_aMéxico, D.F. : _bEdamex, _c1991. |
||
| 300 | _a105 p. | ||
| 590 |
_aBATCH-UPD _b10 _c20130110 _lUCH01 _h0624 |
||
| 590 |
_aBATCH-UPD _b10 _c20130410 _lUCH01 _h0307 |
||
| 590 |
_aBATCH-UPD _b10 _c20130914 _lUCH01 _h1014 |
||
| 590 |
_aCONVERSION _b10 _c20130109 _lUCH01 _h1347 |
||
| 650 | 1 | 4 |
_aComercio _zMéxico. _925624 |
| 650 | 1 | 4 |
_aMercadeo. _974880 |
| 650 | 1 | 4 | _aTratado Trilateral de Libre Comercio. |
| 901 | _aBK | ||
| 905 | _aLilia Sánchez G. | ||
| 942 | _cLIBRO | ||
| 949 |
_a338.14 D3 _bBC _cLIBRO _d33724000837068 _eLIBRO _h100627 _i95801 _sb |
||
| 999 |
_c84298 _d84298 |
||